[Event "Moscow Open 2009 C"]
[Site "?"]
[Date "2009.01.31"]
[Round "1.1"]
[White "Muzychuk, Anna"]
[Black "Khropova, Larisa"]
[Result "1-0"]
[WhiteElo "2540"]
[BlackElo "2060"]
[Annotator ""]
[Source ""]
[Remark ""]

1.e4 e5 2.Nf3 Qe7 3.Bc4 g6 4.d4 d6 5.dxe5 dxe5 6.b3 Bg4 7.O-O
Bh6 8.Bxh6 Nxh6 9.Qd2 Bxf3 10.Qxh6 Bg4 11.Nc3 c6 12.h3 Be6 13.Qg7
Rf8 14.Bxe6 Qxe6 15.Qxh7 Nd7 16.Qh4 f6 17.Qh7 Rg8 18.Rad1 O-O-O
19.Rd3 Rde8 20.Rfd1 Re7 21.Rd6 Rxh7 22.Rxe6 Rf7 23.f3 Nc5 24.Red6
a5 25.a3 Na6 26.Kf2 Kc7 27.R1d2 b6 28.Nd1 Nc5 29.b4 axb4 30.axb4
Nb7 31.R6d3 Ra8 32.Ne3 Nd8 33.Ng4 Nb7 34.h4 Rh8 35.g3 Re8 36.Ne3
b5 37.c4 bxc4 38.Nxc4 Rb8 39.Rc3 Nd8 40.b5 Rxb5 41.Nd6 Rb8 42.Ne8+
Kc8 43.Nd6+ Kc7 44.Nxf7 Nxf7 45.Rcd3 Rd8 46.Rxd8 Nxd8 47.g4 Nf7
48.h5 g5 49.Ke3 Kc8 50.Kd3 Kc7 51.Kc4 Nh6 52.Kc5 Nf7 53.Rd3 1-0

[Event "Moscow Open 2009 C"]
[Site "?"]
[Date "2009.01.31"]
[Round "1.2"]
[White "Cherniavskaya Klara"]
[Black "Ushenina, Anna"]
[Result "0-1"]
[WhiteElo "2060"]
[BlackElo "2499"]
[Annotator ""]
[Source ""]
[Remark ""]

1.e4 c5 2.d4 cxd4 3.Qxd4 Nc6 4.Qe3 Nf6 5.Nc3 g6 6.Nf3 Bg7 7.Bd3
O-O 8.O-O d6 9.Nd5 Nd7 10.c3 e6 11.Nf4 Qe7 12.Ne2 b6 13.Rb1 Bb7
14.Qg5 Nc5 15.Qxe7 Nxe7 16.Bc2 Bxe4 17.Bxe4 Nxe4 18.Ng5 Nc5 19.Be3
Rfd8 20.h4 d5 21.Nf3 Nf5 22.Bf4 Rac8 23.g4 Nd6 24.Kg2 Nc4 25.Rfd1
h6 26.Nd2 Nd3 27.Nxc4 Nxf4+ 28.Nxf4 Rxc4 29.Kf3 b5 30.Ne2 Rdc8
31.Nd4 b4 32.Nb5 Rb8 33.a4 a6 34.b3 Rc6 35.Nd4 Rxc3+ 36.Kg2 Rbc8
37.f3 Re3 38.Rb2 Bxd4 39.Rxd4 a5 40.Kf2 Rcc3 41.f4 Rxb3 42.Rxb3
Rxb3 43.h5 gxh5 44.gxh5 Ra3 45.Rd1 Rxa4 46.Rg1+ Kf8 47.Rc1 b3
48.Rc8+ Kg7 49.Rb8 Rb4 0-1

[Event "Moscow Open 2009 C"]
[Site "?"]
[Date "2009.01.31"]
[Round "1.3"]
[White "Zhukova, Natalia"]
[Black "Eryshkanova, Anastasiya"]
[Result "1-0"]
[WhiteElo "2490"]
[BlackElo "2055"]
[Annotator ""]
[Source ""]
[Remark ""]

1.d4 Nf6 2.c4 g6 3.Nc3 d5 4.cxd5 Nxd5 5.Bd2 Bg7 6.Nf3 O-O 7.Rc1
Nc6 8.e4 Nb6 9.d5 Nd4 10.Nxd4 Bxd4 11.Bh6 Bg7 12.Bxg7 Kxg7 13.Be2
c6 14.O-O Qd6 15.dxc6 bxc6 16.Qxd6 exd6 17.Rfd1 Rd8 18.f4 Be6
19.Ba6 Bc8 20.Be2 Be6 21.Bf3 Rac8 22.b3 a5 23.Rd2 Kf8 24.Rcd1
Ke7 25.g4 f6 26.h4 Rc7 27.Kf2 Ra7 28.f5 Bf7 29.g5 Rad7 30.Bg4
gxf5 31.Bxf5 Be6 32.Bxh7 fxg5 33.hxg5 a4 34.Kg3 axb3 35.axb3
Kf7 36.Bf5 d5 37.Rh2 dxe4 38.Rh7+ Ke8 39.Rh8+ 1-0

[Event "Moscow Open 2009 C"]
[Site "?"]
[Date "2009.01.31"]
[Round "1.4"]
[White "Goryachkina, Aleksandra"]
[Black "Pogonina, Natalija"]
[Result "0-1"]
[WhiteElo "2020"]
[BlackElo "2467"]
[Annotator ""]
[Source ""]
[Remark ""]

1.Nf3 c5 2.c4 Nc6 3.Nc3 g6 4.b3 Bg7 5.Bb2 d6 6.e3 e5 7.Nd5 Nge7
8.e4 O-O 9.Be2 f5 10.d3 h6 11.Qd2 a6 12.a4 Be6 13.a5 Rb8 14.O-O
f4 15.h3 Kh8 16.Nh2 h5 17.Nf3 Ng8 18.h4 Bg4 19.Ng5 Bf6 20.Nxf6
Qxf6 21.f3 Bd7 22.Rfb1 Nh6 23.Qe1 Nf7 24.Nxf7+ Rxf7 25.Kh1 Rg8
26.Bc3 g5 27.hxg5 Qxg5 28.Qf2 h4 29.Rg1 Rh7 30.Bd2 Qh5 31.Be1
Rg3 32.Qf1 Nd4 33.Ra2 h3 34.Bxg3 fxg3 0-1

[Event "Moscow Open 2009 C"]
[Site "?"]
[Date "2009.01.31"]
[Round "1.5"]
[White "Paehtz, Elisabeth"]
[Black "Grigoryeva, Olga A"]
[Result "1-0"]
[WhiteElo "2455"]
[BlackElo "2015"]
[Annotator ""]
[Source ""]
[Remark ""]

1.e4 e5 2.Nf3 Nc6 3.Bc4 Nf6 4.d3 h6 5.Bb3 d6 6.c3 g6 7.Nbd2 Bg7
8.Nf1 O-O 9.Ng3 Qe7 10.O-O Be6 11.Re1 Bxb3 12.Qxb3 Rab8 13.d4
Nd7 14.Be3 a6 15.Rad1 Kh7 16.Bc1 Nb6 17.Qc2 Rbe8 18.b3 Nd8 19.a4
Ne6 20.dxe5 dxe5 21.Nf5 Qf6 22.Ne3 Ng5 23.Nxg5+ hxg5 24.a5 Nc8
25.Nd5 Qd8 26.Ba3 Rh8 27.Qe2 Nd6 28.Qf3 Kg8 29.Nxc7 Qxc7 30.Bxd6
Qxa5 31.Rd5 Qb6 32.b4 Qc6 33.Red1 Qc8 34.Bc5 Rh4 35.Rd7 Rf4 36.Qd3
g4 37.Qd5 b6 38.Be3 Rf6 39.c4 Qc6 40.c5 bxc5 41.bxc5 a5 42.Ra7
a4 43.g3 Bf8 44.Ra1 Rc8 45.R7xa4 Re6 46.Ra8 Rxa8 47.Rxa8 Qb5
48.Kg2 Kg7 49.Qd8 Ra6 50.Qxf8+ Kf6 51.Qd8+ Ke6 52.Qc8+ 1-0

[Event "Moscow Open 2009 C"]
[Site "?"]
[Date "2009.01.31"]
[Round "1.6"]
[White "Baraeva, Marina"]
[Black "Romanko, Marina"]
[Result "0-1"]
[WhiteElo "2009"]
[BlackElo "2451"]
[Annotator ""]
[Source ""]
[Remark ""]

1.d4 d5 2.Nf3 Nf6 3.c4 c6 4.Qb3 dxc4 5.Qxc4 Bf5 6.g3 e6 7.Bg2
Nbd7 8.O-O Be7 9.Nc3 O-O 10.e3 Bg6 11.Bd2 Rc8 12.Rac1 c5 13.Qa4
a6 14.a3 cxd4 15.Nxd4 Nc5 16.Qd1 e5 17.Nf3 Nd3 18.Rb1 Qd7 19.b4
Rfd8 20.Qb3 e4 21.Nd4 Ne5 22.Rfd1 Nf3+ 23.Nxf3 exf3 24.Bxf3 Bxb1
25.Qxb1 b6 26.Qb3 Qe6 27.Qb2 Rc7 28.Ne2 Qf5 29.Kg2 Qc8 30.Nd4
Bd6 31.b5 axb5 32.Nxb5 Rc2 33.Qb3 Be5 34.Be1 Rxd1 35.Bxd1 Rb2
36.Qa4 Qc6+ 37.Bf3 Qxb5 0-1

[Event "Moscow Open 2009 C"]
[Site "?"]
[Date "2009.01.31"]
[Round "1.7"]
[White "Gaponenko, Inna"]
[Black "Fastova, Tatiana"]
[Result "1-0"]
[WhiteElo "2450"]
[BlackElo "2005"]
[Annotator ""]
[Source ""]
[Remark ""]

1.e4 c5 2.Nf3 Nc6 3.d4 cxd4 4.Nxd4 Qb6 5.Nb3 Nf6 6.Nc3 e6 7.Bd3
d6 8.Be3 Qc7 9.f4 a6 10.Qf3 Be7 11.g4 b5 12.g5 Nd7 13.O-O-O Nb6
14.h4 Nb4 15.Kb1 Nc4 16.Bc1 Bd7 17.h5 Rc8 18.Rh2 Rf8 19.Re2 f6
20.g6 hxg6 21.hxg6 Nxd3 22.cxd3 b4 23.dxc4 bxc3 24.Rc2 f5 25.Qxc3
Bf6 26.Qd3 fxe4 27.Qxd6 Qxd6 28.Rxd6 Rc6 29.Rd1 Ke7 30.Nd2 Be8
31.Rg1 Bd4 32.Rg4 e5 33.fxe5 Bxg6 34.b3 Rf5 35.Ba3+ Kf7 36.Nxe4
Rxe5 37.Ng5+ Kf6 38.Nf3 Bxc2+ 39.Kxc2 Re2+ 40.Kd1 Bb2 41.Kxe2
Bxa3 42.Rf4+ Ke7 43.Kd3 Rd6+ 44.Kc3 Rg6 45.Re4+ Kf8 46.Ne5 Rg2
47.b4 Rg3+ 48.Nd3 Bxb4+ 49.Kxb4 Rxd3 50.c5 Rd7 51.c6 Re7 52.Rc4
Rc7 53.Kc5 Ke7 54.Kb6 Rc8 55.Kb7 1-0

[Event "Moscow Open 2009 C"]
[Site "?"]
[Date "2009.01.31"]
[Round "1.9"]
[White "Kovalevskaya, Ekaterina"]
[Black "Dogodkina, Julia"]
[Result "1-0"]
[WhiteElo "2442"]
[BlackElo "2003"]
[Annotator ""]
[Source ""]
[Remark ""]

1.c4 e5 2.Nc3 Bb4 3.g3 Bxc3 4.dxc3 d6 5.Bg2 Nd7 6.Nf3 f5 7.O-O
Ngf6 8.b4 e4 9.Nd4 Ne5 10.Qb3 Qe7 11.c5 d5 12.f3 exf3 13.exf3
Nc4 14.Bf4 O-O 15.Rfe1 Qf7 16.Nb5 Nh5 17.Be5 f4 18.Nxc7 fxg3
19.hxg3 Bh3 20.Nxd5 Bxg2 21.Qxc4 Bxf3 22.Ne3 Rae8 23.Qxf7+ Rxf7
24.Nc4 Re6 25.Bd6 Be4 26.Ne5 Rf5 27.g4 Rfxe5 28.Bxe5 Rxe5 29.gxh5
Rg5+ 30.Kf2 Bc6 31.h6 Rf5+ 32.Ke3 g5 33.c4 g4 34.Rad1 g3 35.b5
Rf3+ 36.Kd4 Bd7 37.Ke4 Rf7 38.Rg1 Kf8 39.Rxg3 Bf5+ 40.Ke5 Bg6
41.c6 1-0

[Event "Moscow Open 2009 C"]
[Site "?"]
[Date "2009.01.31"]
[Round "1.10"]
[White "Baraeva, Irina"]
[Black "Muzychuk, Mariya"]
[Result "0-1"]
[WhiteElo "1997"]
[BlackElo "2427"]
[Annotator ""]
[Source ""]
[Remark ""]

1.d4 Nf6 2.c4 c5 3.Nf3 cxd4 4.Nxd4 e5 5.Nb5 d5 6.cxd5 Bc5 7.e3
O-O 8.Bc4 Bf5 9.O-O a6 10.N5c3 b5 11.Bb3 e4 12.Ne2 Nbd7 13.Nbc3
Re8 14.h3 Ne5 15.Ng3 Bg6 16.Bc2 Nc4 17.a3 Qd6 18.Nge2 Bh5 19.b4
Bb6 20.Bb3 Bc7 21.g3 Ne5 22.Qc2 Qd7 23.Nf4 Nf3+ 24.Kg2 Ng5 25.h4
Bf3+ 26.Kh2 Qh3+ 27.Nxh3 Ng4+ 0-1

[Event "Moscow Open 2009 C"]
[Site "?"]
[Date "2009.01.31"]
[Round "1.11"]
[White "Mongontuul, Bathuyag"]
[Black "Blokhina, Elvira"]
[Result "0-1"]
[WhiteElo "2425"]
[BlackElo "1996"]
[Annotator ""]
[Source ""]
[Remark ""]

1.d4 d5 2.Nf3 Nf6 3.e3 e6 4.Bd3 Be7 5.O-O O-O 6.Nbd2 Nbd7 7.Re1
c5 8.b3 b6 9.Bb2 Bb7 10.Ne5 Rc8 11.Rc1 Re8 12.c3 Ne4 13.Bb5 Nef6
14.Qe2 Bd6 15.a4 Re7 16.f4 Nf8 17.Red1 Rec7 18.Bd3 Qe7 19.Ra1
Ne4 20.Bxe4 dxe4 21.a5 cxd4 22.exd4 f6 23.axb6 axb6 24.Nxe4 fxe5
25.fxe5 Bb4 26.c4 Qh4 27.Nd6 Bxd6 28.exd6 Rf7 29.Rd2 Qe4 30.Qxe4
Bxe4 31.Re1 Bc6 32.b4 b5 33.d5 exd5 34.c5 Nd7 35.Ra1 Ra8 36.Rxa8+
Bxa8 37.Bd4 Bc6 38.Ra2 Nb8 39.g3 Kf8 40.Be5 Rd7 41.Bd4 Kf7 42.Kf2
Kg6 43.g4 Bb7 44.Bc3 Nc6 45.h4 d4 46.Bd2 Kf6 47.Ke2 Ke5 48.Kd3
Rf7 49.g5 Kd5 50.Ra1 Ne5+ 51.Kc2 Kc6 52.Re1 Nf3 53.Re4 Kd7 54.Rg4
Ke6 55.g6 hxg6 56.Rxg6+ Ke5 57.Rg4 Be4+ 58.Rxe4+ Kxe4 59.c6 Ne5
60.d7 Nxc6 0-1

[Event "Moscow Open 2009 C"]
[Site "?"]
[Date "2009.01.31"]
[Round "1.12"]
[White "Pischurina, Ekaterina"]
[Black "Matveeva, Svetlana"]
[Result "0-1"]
[WhiteElo "1991"]
[BlackElo "2422"]
[Annotator ""]
[Source ""]
[Remark ""]

1.e4 e6 2.d4 d5 3.Nc3 Nf6 4.Bg5 Be7 5.e5 Nfd7 6.h4 Bxg5 7.hxg5
Qxg5 8.Nh3 Qe7 9.Qg4 f5 10.Qg3 c6 11.Nf4 Nf8 12.Be2 Nbd7 13.Bh5+
Kd8 14.O-O-O g5 15.Nd3 b6 16.Be2 Bb7 17.Rh6 Rc8 18.Rdh1 Rc7 19.R1h5
Rg8 20.Nf4 Rg7 21.Nh3 g4 22.Nf4 Kc8 23.Bd3 Kb8 24.Qh4 Qf7 25.Nce2
Ng6 26.Nxg6 hxg6 27.Rg5 Nf8 28.Nf4 Bc8 29.f3 gxf3 30.gxf3 Rh7
31.Rxh7 Qxh7 32.Nxg6 Nxg6 33.Qxh7 Rxh7 34.Rxg6 c5 35.Rg8 Kc7
36.dxc5 bxc5 37.Kd2 Rh2+ 38.Kc3 Rf2 39.Rg7+ Kb6 40.Rg8 Bd7 41.Rg7
Bc6 42.b3 Rxf3 43.Re7 d4+ 44.Kd2 Bd5 45.Rd7 Re3 46.Bxf5 Bc6 47.Bxe6
Bxd7 48.Bxd7 Rxe5 49.Bg4 Rg5 50.Be6 Rg2+ 51.Kd3 Rg3+ 52.Kd2 Kb5
53.a3 a5 54.Bc4+ Kc6 55.a4 Kd6 56.Bd3 Ke5 57.Bf1 Ke4 58.Bc4 Rg2+
59.Be2 Rh2 0-1

[Event "Moscow Open 2009 C"]
[Site "?"]
[Date "2009.01.31"]
[Round "1.13"]
[White "Shadrina, Tatiana"]
[Black "Dolgova, Tamara"]
[Result "1-0"]
[WhiteElo "2416"]
[BlackElo "1977"]
[Annotator ""]
[Source ""]
[Remark ""]

1.e4 e5 2.Nf3 Nc6 3.Bb5 a6 4.Ba4 Nf6 5.O-O b5 6.Bb3 Be7 7.Re1
O-O 8.h3 d5 9.exd5 Nxd5 10.Nxe5 Nxe5 11.Rxe5 c6 12.d4 Bd6 13.Re1
Qf6 14.Nc3 Nxc3 15.bxc3 Bd7 16.Be3 Rae8 17.a4 b4 18.cxb4 Bxb4
19.Bd2 Bd6 20.Rxe8 Rxe8 21.c3 Re4 22.Bc2 Rh4 23.Qe2 a5 24.Rb1
Bc7 25.Rb7 Qd6 26.Rxc7 Qxc7 27.Bg5 Rh6 28.Bxh6 gxh6 29.Qe4 Kf8
30.Qxh7 Qf4 31.Qh8+ Ke7 32.Qe5+ Qxe5 33.dxe5 f6 34.exf6+ Kxf6
35.f4 Ke6 36.Kf2 Kd5 37.Ke3 c5 38.Bb3+ Kd6 39.g4 Bc6 40.h4 Bd7
41.Kf3 Bc6+ 42.Kg3 Be4 43.h5 Bd3 44.Bf7 Ke7 45.Bg6 Bc4 46.g5
Bb3 47.gxh6 Kf6 48.f5 1-0

[Event "Moscow Open 2009 C"]
[Site "?"]
[Date "2009.01.31"]
[Round "1.14"]
[White "Grabovets, Nadezhda"]
[Black "Gunina, Valentina"]
[Result "0-1"]
[WhiteElo "1974"]
[BlackElo "2400"]
[Annotator ""]
[Source ""]
[Remark ""]

1.d4 Nf6 2.c4 e6 3.Nc3 Bb4 4.Qc2 c5 5.Nf3 cxd4 6.Nxd4 O-O 7.e3
Nc6 8.a3 Bxc3+ 9.Qxc3 d5 10.Nxc6 bxc6 11.Bd3 Ba6 12.O-O Bxc4
13.Bxc4 dxc4 14.Qxc4 Qd5 15.Qxd5 cxd5 16.Bd2 Rfb8 17.Bc3 Ne4
18.Bd4 Nd2 19.Rfe1 Nb3 20.Rab1 a5 21.Bc3 Rc8 22.Rbd1 Rc4 23.h3
f6 24.Rd3 a4 25.Bb4 Rac8 26.Rc3 e5 27.Rxc4 Rxc4 28.Re2 Rc1+ 29.Kh2
Kf7 30.Bc3 d4 31.exd4 exd4 32.Bb4 d3 33.Re7+ Kg6 34.Rd7 d2 35.Rxd2
Nxd2 36.Bxd2 Rc2 37.Be3 Rxb2 38.f3 Kf5 39.Bc5 Ke6 40.h4 Kd5 41.Bf8
g6 42.Bg7 Ra2 0-1

[Event "Moscow Open 2009 C"]
[Site "?"]
[Date "2009.01.31"]
[Round "1.15"]
[White "Bodnaruk, Anastasia"]
[Black "Khobotova, Olesia"]
[Result "1-0"]
[WhiteElo "2384"]
[BlackElo "1971"]
[Annotator ""]
[Source ""]
[Remark ""]

1.e4 d5 2.exd5 Qxd5 3.Nc3 Qd6 4.Nf3 Nf6 5.Be2 a6 6.d4 Nc6 7.Be3
Bg4 8.Qd2 h6 9.O-O-O e6 10.Rhe1 O-O-O 11.a3 Qd7 12.h3 Bf5 13.g4
Ne4 14.Nxe4 Bxe4 15.Qc3 Be7 16.Kb1 Bf6 17.Ne5 Qe8 18.Bf4 Bd5
19.Qe3 Ne7 20.c4 Bc6 21.Bd3 Ba4 22.Rd2 Nc6 23.Be4 Na5 24.Qc3
Nb3 25.Rd3 Be7 26.c5 Rf8 27.Nc4 g5 28.Bh2 f5 29.gxf5 exf5 30.Bf3
Qd7 31.Ne5 Qe8 32.Bd1 Bb5 33.Bxb3 Bxd3+ 34.Nxd3 f4 35.Ne5 Kb8
36.c6 b6 37.Qd3 Ka7 38.Ng6 Rxd4 39.Qxd4 Qxg6+ 40.Bc2 Qf7 41.Qd7
Bc5 42.f3 Be3 43.Bg1 Bxg1 44.Re7 1-0

[Event "Moscow Open 2009 C"]
[Site "?"]
[Date "2009.01.31"]
[Round "1.17"]
[White "Vasilkova, Svetlana"]
[Black "Chernyshova, Natalia"]
[Result "1-0"]
[WhiteElo "2371"]
[BlackElo "1951"]
[Annotator ""]
[Source ""]
[Remark ""]

1.e4 c5 2.Nf3 Nc6 3.Nc3 d6 4.d4 cxd4 5.Nxd4 Nf6 6.Bg5 Bd7 7.Qd2
Rc8 8.O-O-O Nxd4 9.Qxd4 Qa5 10.Be3 a6 11.Be2 g6 12.Kb1 Bg7 13.Nd5
Be6 14.c4 Bxd5 15.exd5 O-O 16.Bd2 Qc5 17.Bc3 Qxd4 18.Bxd4 Ne4
19.f3 Bxd4 20.Rxd4 Nf6 21.Re1 Rc7 22.Rd2 Rfc8 23.b3 Kf8 24.Kb2
Rc5 25.a3 b6 26.b4 R5c7 27.Kb3 Rb8 28.Kc3 Nd7 29.Kd4 Ke8 30.f4
Nf6 31.g4 h5 32.g5 Nd7 33.Bd3 Kf8 34.Rde2 Re8 35.h4 Rb7 36.Bc2
Rc7 37.Ba4 Ra7 38.Bc6 Rc7 39.Rb1 Rd8 40.Ba4 Nb8 41.f5 Nd7 42.Bxd7
Rcxd7 43.f6 exf6 44.gxf6 Rc7 45.Rc1 Rdc8 46.Rec2 Ke8 47.c5 bxc5+
48.bxc5 dxc5+ 49.Rxc5 Kd7 50.Rxc7+ Rxc7 51.Rxc7+ Kxc7 52.Kc5
Kc8 53.Kc6 a5 54.a4 Kd8 55.Kd6 1-0

[Event "Moscow Open 2009 C"]
[Site "?"]
[Date "2009.01.31"]
[Round "1.18"]
[White "Koroteeva, Ksenia"]
[Black "Demina, Julia"]
[Result "0-1"]
[WhiteElo "1951"]
[BlackElo "2361"]
[Annotator ""]
[Source ""]
[Remark ""]

1.e4 c5 2.Nf3 d6 3.d4 cxd4 4.Nxd4 Nf6 5.Nc3 a6 6.Bc4 e6 7.Be3
b5 8.Bb3 Be7 9.Qe2 O-O 10.O-O-O b4 11.Na4 Qa5 12.g4 Bd7 13.Nb6
Qxb6 14.Nxe6 Qb7 15.Nxg7 Kxg7 16.g5 Ng4 17.Bd4+ Kg8 18.f4 Nc6
19.h3 Nxd4 20.Rxd4 Ne5 21.Qh5 Be6 22.Rg1 Bxb3 23.fxe5 Qc6 24.axb3
dxe5 25.Rd2 Qxe4 26.Kb1 Rad8 27.Rdg2 Kh8 28.Re2 Qf5 29.Qh4 Bc5
30.Rge1 Bd4 31.Qg3 Qf4 32.Qg2 Rg8 0-1

[Event "Moscow Open 2009 C"]
[Site "?"]
[Date "2009.01.31"]
[Round "1.19"]
[White "Grabuzova, Tatiana"]
[Black "Frolova, Ekaterina"]
[Result "1-0"]
[WhiteElo "2332"]
[BlackElo "1948"]
[Annotator ""]
[Source ""]
[Remark ""]

1.d4 d5 2.c4 c6 3.Nf3 Nf6 4.Nc3 dxc4 5.a4 Bf5 6.e3 e6 7.Bxc4
Nbd7 8.O-O Bb4 9.Qb3 Bxc3 10.bxc3 Qb6 11.Ba3 Qxb3 12.Bxb3 Ne4
13.Rfc1 h6 14.a5 O-O-O 15.Ba4 Kc7 16.c4 f6 17.Ne1 e5 18.f3 Ng5
19.e4 Bg6 20.d5 Nf7 21.a6 cxd5 22.cxd5+ Kb8 23.axb7 f5 24.Nd3
Nb6 25.Bc6 fxe4 26.Nc5 1-0

[Event "Moscow Open 2009 C"]
[Site "?"]
[Date "2009.01.31"]
[Round "1.20"]
[White "Khabalonova, Tamara"]
[Black "Severiukhina, Zoja"]
[Result "0-1"]
[WhiteElo "1943"]
[BlackElo "2327"]
[Annotator ""]
[Source ""]
[Remark ""]

1.e4 e6 2.d4 d5 3.exd5 exd5 4.Nf3 Nf6 5.Bd3 Nc6 6.h3 h6 7.O-O
Be6 8.Re1 Be7 9.Nc3 O-O 10.Be3 Nb4 11.Be2 Bf5 12.Rc1 Ne4 13.Nxe4
dxe4 14.Ne5 Nxa2 15.Bg4 Bxg4 16.Qxg4 f5 17.Qg6 Rf6 18.Qg3 Nxc1
19.Bxc1 Qxd4 20.Qb3+ Kh7 21.Qxb7 Qb4 22.Qxb4 Bxb4 23.c3 Bd6 24.Nc4
a5 25.Be3 a4 26.Ra1 Bf8 27.Bf4 Rc6 28.Ne5 Re6 29.Nc4 g5 30.Be5
Rc6 31.Ne3 Kg6 32.Rd1 Bd6 33.Nd5 Kf7 34.Bd4 Ke6 35.Bg7 Rg8 36.Bf6
Rc5 37.c4 Rxc4 38.Bc3 f4 39.Kf1 Rf8 40.Bg7 Rf7 41.Bxh6 Rf5 42.Nc3
a3 43.Nxe4 Rxe4 44.bxa3 Bxa3 45.Bg7 Rd5 46.Ra1 Bb4 47.f3 Re3
48.Rb1 c5 49.Rc1 Rd2 50.Bf8 Kd5 51.Bh6 Ree2 0-1

[Event "Moscow Open 2009 C"]
[Site "?"]
[Date "2009.01.31"]
[Round "1.21"]
[White "Solovjova, Valentina"]
[Black "Severina, Maria"]
[Result "1-0"]
[WhiteElo "2324"]
[BlackElo "1940"]
[Annotator ""]
[Source ""]
[Remark ""]

1.e4 e5 2.Nf3 Nc6 3.Nc3 Nf6 4.g3 d5 5.exd5 Nxd5 6.Bg2 Nxc3 7.bxc3
Bd6 8.O-O O-O 9.Rb1 Rb8 10.d3 Be6 11.c4 Bg4 12.h3 Bh5 13.Qd2
Qd7 14.Ng5 b6 15.Bb2 h6 16.Ne4 Nd4 17.Bxd4 exd4 18.f4 f5 19.Nxd6
Qxd6 20.Rfe1 Rfe8 21.Rb5 c5 22.Rbb1 Qd7 23.Re5 Rxe5 24.fxe5 Re8
25.e6 Qd6 26.Qf2 Bg6 27.Bd5 Kh7 28.Re1 Re7 29.Kg2 Re8 30.Qf3
Qe7 31.Qf4 Qf6 32.Qe5 Qxe5 33.Rxe5 Re7 34.Kf3 Kg8 35.Kf4 Bh7
36.Re1 g5+ 37.Ke5 Kg7 38.a4 Bg6 39.a5 bxa5 40.Ra1 f4 41.gxf4
gxf4 42.Rxa5 Rc7 43.Kd6 Rc8 44.Rxa7+ Kf6 45.Ra1 Kg5 46.Rg1+ Kf6
47.Rg4 Bf5 48.Rxf4 Rd8+ 49.Kc7 Rg8 50.Be4 Kxe6 51.Bd5+ 1-0

[Event "Moscow Open 2009 C"]
[Site "?"]
[Date "2009.01.31"]
[Round "1.22"]
[White "Gavrjuchenkova, Angelina"]
[Black "Molchanova, Tatjana"]
[Result "0-1"]
[WhiteElo "1934"]
[BlackElo "2319"]
[Annotator ""]
[Source ""]
[Remark ""]

1.e4 c6 2.d4 d5 3.e5 Bf5 4.Nc3 e6 5.g4 Bg6 6.Nge2 f6 7.Nf4 fxe5
8.Nxe6 Qe7 9.Nxf8 exd4+ 10.Be2 dxc3 11.Nxg6 hxg6 12.Qd3 Nf6 13.Qxg6+
Kf8 14.bxc3 Nbd7 15.a4 Kg8 16.Ba3 Qe5 17.Bb2 Re8 18.Qd3 Rh3 19.Qd2
Nxg4 20.Rb1 Rxh2 21.Rf1 Nxf2 22.Rxf2 Rxf2 23.Kxf2 Qh2+ 24.Kf1
Rf8+ 0-1

[Event "Moscow Open 2009 C"]
[Site "?"]
[Date "2009.01.31"]
[Round "1.23"]
[White "Charochkina, Daria"]
[Black "Styazhkina, Anna"]
[Result "1-0"]
[WhiteElo "2316"]
[BlackElo "1926"]
[Annotator ""]
[Source ""]
[Remark ""]

1.e4 d5 2.exd5 Qxd5 3.Nf3 Bg4 4.Be2 Nc6 5.d4 O-O-O 6.c4 Qh5 7.Be3
Nf6 8.Nbd2 e5 9.d5 Nd4 10.Bxd4 exd4 11.Nb3 Bb4+ 12.Kf1 Rhe8 13.Nbxd4
Bc5 14.Nb3 Bb6 15.Qc2 Bf5 16.Bd3 Bxd3+ 17.Qxd3 Ne4 18.Nbd4 Bxd4
19.Nxd4 Qh4 20.g3 Qf6 21.f3 Kb8 22.Kg2 Nc5 23.Qd2 Re5 24.Rhf1
Rh5 25.Rad1 Nd7 26.Rf2 Ne5 27.Qe2 Ng6 28.f4 Rh6 29.Qf3 Re8 30.c5
Ne7 31.Qb3 Nf5 32.c6 b6 33.Nc2 Nd6 34.Ne3 Qg6 35.Rd4 Qh5 36.Kg1
Nf5 37.Rd3 Nxg3 38.d6 cxd6 39.c7+ Kxc7 40.Qa4 Ne2+ 41.Kf1 Qh3+
42.Kxe2 Rhe6 43.Qxa7+ Kd8 44.Qxb6+ Kd7 45.Qa7+ Kd8 46.Rb3 1-0

[Event "Moscow Open 2009 C"]
[Site "?"]
[Date "2009.01.31"]
[Round "1.24"]
[White "Sysoykina, Lidia"]
[Black "Girya, Olga"]
[Result "0-1"]
[WhiteElo "1924"]
[BlackElo "2315"]
[Annotator ""]
[Source ""]
[Remark ""]

1.Nf3 c5 2.g3 g6 3.Bg2 Bg7 4.O-O Nc6 5.d3 d5 6.Nbd2 Nf6 7.e4
O-O 8.Re1 e5 9.a3 d4 10.b4 b5 11.Bb2 Re8 12.Qb1 Nd7 13.c3 cxb4
14.cxd4 bxa3 15.Bxa3 b4 16.d5 bxa3 17.dxc6 Nc5 18.Rxa3 Bf8 19.Rc3
Ba6 20.Bf1 Na4 21.Rb3 Nc5 22.Rc3 Rc8 23.Qc2 Rxc6 24.Nc4 Bxc4
25.Rxc4 Rf6 26.Nxe5 Rxe5 27.d4 Rxe4 28.Rxe4 Nxe4 29.Qxe4 Rd6
30.Ra4 a5 31.Bc4 Qb6 32.Qe8 Qc7 33.Qe5 Rc6 34.Qxc7 Rxc7 35.Bb5
Rc1+ 36.Kg2 Bb4 37.d5 Rd1 38.Bc6 Rd2 39.g4 Kf8 40.Ra1 Ke7 41.Kg3
Kd6 42.Be8 f6 43.Bc6 g5 44.Kf3 Kc5 45.Ke3 Rc2 46.Ba4 Rc3+ 47.Ke4
Rc4+ 48.Kf5 Bc3 49.Ra2 Kd6 0-1

[Event "Moscow Open 2009 C"]
[Site "?"]
[Date "2009.01.31"]
[Round "1.25"]
[White "Pustovoitova, Daria"]
[Black "Lisachenko, Natalia"]
[Result "1-0"]
[WhiteElo "2314"]
[BlackElo "1920"]
[Annotator ""]
[Source ""]
[Remark ""]

1.e4 c6 2.d4 d5 3.e5 Bf5 4.Nf3 e6 5.Be2 Qb6 6.O-O c5 7.c3 Nc6
8.a3 Rc8 9.b4 cxd4 10.cxd4 Nge7 11.Be3 Bxb1 12.Rxb1 Nf5 13.Qd3
Be7 14.Bd1 Qc7 15.Rc1 Qd8 16.Bc2 a6 17.Bb1 Nh4 18.Nxh4 Bxh4 19.g3
Be7 20.f4 g6 21.g4 f5 22.exf6 Bxf6 23.f5 gxf5 24.gxf5 e5 25.dxe5
Bxe5 26.f6 Bxf6 27.Qf5 d4 28.Qh5+ Ke7 29.Rxf6 Qg8+ 30.Bg5 Qxg5+
31.Qxg5 Rcg8 32.Rg6+ Kd7 33.Qd5+ 1-0

[Event "Moscow Open 2009 C"]
[Site "?"]
[Date "2009.01.31"]
[Round "1.26"]
[White "Lezhepekova, Veronika"]
[Black "Chasovnikova, Eugenia"]
[Result "0-1"]
[WhiteElo "1917"]
[BlackElo "2302"]
[Annotator ""]
[Source ""]
[Remark ""]

1.e4 d5 2.exd5 Qxd5 3.d4 Nf6 4.Nf3 Bg4 5.Be2 e6 6.c4 Qd8 7.O-O
Bd6 8.Be3 c6 9.h3 Bh5 10.Ne5 Bxe2 11.Qxe2 Nbd7 12.Bf4 Qc7 13.Nc3
O-O 14.Rfd1 a6 15.Rac1 Rac8 16.c5 Bxe5 17.Bxe5 Nxe5 18.Qxe5 Rfd8
19.f4 Nd5 20.Qxc7 Rxc7 21.Nxd5 Rxd5 22.Kf2 Rcd7 23.Ke3 f6 24.Ke4
e5 25.fxe5 fxe5 26.Rc4 Kf7 27.Rd3 Ke6 28.b4 h5 29.g3 g5 30.a3
h4 31.g4 Rf7 32.Ke3 Rf4 33.a4 Rd7 34.b5 axb5 35.axb5 Rdxd4 36.Rcxd4
exd4+ 37.Ke2 Kd5 38.bxc6 bxc6 39.Ra3 Re4+ 40.Kd2 Re3 41.Rxe3
dxe3+ 42.Kxe3 Kxc5 43.Ke4 Kd6 44.Kf5 c5 45.Kxg5 Ke5 46.Kh6 c4
47.g5 c3 48.g6 c2 49.g7 c1Q+ 50.Kh7 Qg5 0-1

[Event "Moscow Open 2009 C"]
[Site "?"]
[Date "2009.01.31"]
[Round "1.27"]
[White "Bulmaga, Irina"]
[Black "Tereshechkina, Maya"]
[Result "1-0"]
[WhiteElo "2300"]
[BlackElo "1912"]
[Annotator ""]
[Source ""]
[Remark ""]

1.e4 c5 2.Nf3 d6 3.d4 cxd4 4.Nxd4 Nf6 5.Nc3 a6 6.Be2 e6 7.O-O
Be7 8.Be3 O-O 9.a4 Nc6 10.f4 Qc7 11.Nb3 Bd8 12.Qd2 b6 13.Rad1
Be7 14.Bf3 Rb8 15.Qe2 Nd7 16.g4 Nc5 17.g5 b5 18.Nxc5 dxc5 19.axb5
axb5 20.e5 Ba6 21.Ne4 Rfd8 22.Nxc5 Bxc5 23.Bxc5 Rbc8 24.b4 Rxd1
25.Rxd1 Ne7 26.Ra1 Bb7 27.Bxb7 Qxb7 28.Ra7 Qd5 29.Rxe7 g6 30.Qd3
Qxd3 31.cxd3 Rb8 32.Bd6 Rc8 33.Rb7 1-0

[Event "Moscow Open 2009 C"]
[Site "?"]
[Date "2009.01.31"]
[Round "1.28"]
[White "Nagornaya, Polina"]
[Black "Tomilova, Elena"]
[Result "1/2-1/2"]
[WhiteElo "1907"]
[BlackElo "2300"]
[Annotator ""]
[Source ""]
[Remark ""]

1.e4 d5 2.exd5 Qxd5 3.Nc3 Qa5 4.Nf3 Nf6 5.Bc4 Bg4 6.h3 Bxf3 7.Qxf3
c6 8.O-O e6 9.d4 Nbd7 10.Bf4 Be7 11.Rfe1 O-O 12.g4 Rfe8 13.Qg3
Nd5 14.Nxd5 cxd5 15.Bd3 Rac8 16.c3 b5 17.a3 Qb6 18.g5 a5 19.h4
Nf8 20.h5 b4 21.axb4 axb4 22.g6 fxg6 23.hxg6 h6 24.Ra6 Qb7 25.Bxh6
bxc3 26.bxc3 Rxc3 27.Bd2 Bh4 28.Qf3 Rb3 29.Qe2 Rb2 30.Qd1 Qe7
31.Be3 Qf6 32.Re2 Reb8 33.Ra2 Rxa2 34.Rxa2 Nxg6 35.Qh5 Nf8 36.Kg2
Rb3 37.Be2 Qg6+ 38.Qxg6 Nxg6 39.Bg4 Rb6 40.Re2 Ne7 41.Bf4 Kf7
42.Be5 Bg5 43.Bh5+ g6 44.Bg4 Ra6 45.Re1 Rc6 46.Rh1 Ke8 47.f4
Rc2+ 48.Kf3 Rc3+ 49.Kf2 Rc2+ 50.Be2 Bxf4 51.Bxf4 Nf5 52.Be5 Ra2
53.Rh8+ Kf7 54.Rh7+ Kg8 55.Rc7 Ra4 56.Rc8+ 1/2-1/2

[Event "Moscow Open 2009 C"]
[Site "?"]
[Date "2009.01.31"]
[Round "1.29"]
[White "Manakova., Maria"]
[Black "Petrukhina, Irina"]
[Result "1/2-1/2"]
[WhiteElo "2299"]
[BlackElo "1905"]
[Annotator ""]
[Source ""]
[Remark ""]

1.e4 c5 2.Nf3 Nc6 3.d4 cxd4 4.Nxd4 g6 5.Nc3 Bg7 6.Be3 Nf6 7.Be2
O-O 8.O-O d6 9.h3 Nxd4 10.Bxd4 Bd7 11.Re1 Bc6 12.Bc4 e5 13.Be3
Nxe4 14.Nd5 Qh4 15.Qe2 Kh8 16.Rad1 f5 17.f3 Ng3 18.Qd3 f4 19.Bf2
Bd7 20.Qd2 Rae8 21.Nc3 Bf5 22.Bxa7 e4 23.Nxe4 Bxe4 24.fxe4 Nxe4
25.Rxe4 Rxe4 26.Bd5 Re7 27.Bf3 Be5 28.c4 Qf6 29.b3 b5 30.Bf2
bxc4 31.bxc4 Rb8 32.Qd5 Reb7 33.Qxb7 Rxb7 34.Bxb7 Qd8 35.c5 Qc7
36.c6 Bc3 37.Rc1 Bd2 38.Rc4 Ba5 1/2-1/2